Statistiques concernant Drapeaux des départements et régions d'outre-mer français

Cliquez ici pour prendre le quiz!

Statistiques générales

  • Ce quiz a été pris 141 fois
  • Le résultat moyen est 4 sur 5

Statistiques - réponses

Réponse% Correct
Réunion
91%
Guadeloupe
90%
Guyane
88%
Mayotte
87%
Martinique
82%

Distribution des résultats

Percentile par nombre de réponses

% des personnes avec chaque résultat

Votre développement - résultats

Vous n’avez pas pris ce quiz